[Event "FIN-chT2 Gp2 1718"]
[Site "Finland"]
[Date "2017.12.02"]
[Round "4.4"]
[White "Lehtinen, Tero"]
[Black "Tonteri, Ari"]
[Result "1-0"]
[WhiteElo "1953"]
[BlackElo "1911"]
[PlyCount "83"]
[EventDate "2017.09.16"]
[EventType "team-tourn"]
[EventRounds "7"]
[EventCountry "FIN"]
[SourceTitle "EXT 2020"]
[Source "ChessBase"]
[SourceDate "2019.10.17"]
[SourceVersion "1"]
[SourceVersionDate "2019.10.17"]
[SourceQuality "1"]
[WhiteTeam "Helsinki LauttSK II"]
[BlackTeam "Hyvinkaa SK"]
[WhiteTeamCountry "FIN"]
[BlackTeamCountry "FIN"]

1. d4 Nf6 2. Bf4 d5 3. e3 c5 4. c3 Nc6 5. Bd3 Qb6 6. Nd2 Qxb2 7. Ne2 c4 8. Bc2 e6 9. h3 Be7 10. 0-0 0-0 11. g4 h6 12. e4 Nxe4 13. Bxe4 dxe4 14. Nxc4 Qb5 15. Nd2 Qd3 16. f3 e5 17. dxe5 Bc5+ 18. Kh2 exf3 19. Rxf3 Qd5 20. Qb3 Be6 21. c4 Qd7 22. Ne4 Bd4 23. Rd1 Rad8 24. Rfd3 Bxg4 25. hxg4 Qxg4 26. Nf6+ gxf6 27. Rg3 h5 28. Rxg4+ hxg4 29. Nxd4 Nxd4 30. Qb1 fxe5 31. Bh6 Rfe8 32. Kg2 Rd7 33. Be3 Red8 34. Bxd4 exd4 35. Qf5 Rd6 36. Qg5+ Kf8 37. Rh1 f6 38. Rh8+ Kf7 39. Rh7+ Ke6 40. Qxg4+ f5 41. Qe2+ Kf6 42. Qe7+ 1-0

[Event "IBCA EU-ch blind 06th"]
[Site "Lyon"]
[Date "2015.07.28"]
[Round "4"]
[White "Jandric, Damjan"]
[Black "Tonteri, Ari"]
[Result "1-0"]
[WhiteElo "2122"]
[BlackElo "1938"]
[PlyCount "73"]
[EventDate "2015.07.25"]
[EventType "swiss"]
[EventRounds "9"]
[EventCountry "FRA"]
[SourceTitle "CBM 167 Extra"]
[Source "ChessBase"]
[SourceDate "2015.09.14"]
[SourceVersion "1"]
[SourceVersionDate "2015.09.14"]
[SourceQuality "1"]

1. e4 e5 2. Bc4 Nf6 3. d3 c6 4. Nf3 d5 5. Bb3 Bd6 6. Nc3 dxe4 7. dxe4 0-0 8. Bg5 Na6 9. Qd2 Bc7 10. 0-0-0 Qxd2+ 11. Nxd2 Nc5 12. Bxf6 gxf6 13. Nc4 Be6 14. Ne3 a5 15. f3 b5 16. Bxe6 fxe6 17. g4 Rad8 18. Rxd8 Rxd8 19. Rd1 Rxd1+ 20. Kxd1 Bb6 21. Ke2 Kg7 22. b3 Kg6 23. Ng2 Kg5 24. a4 bxa4 25. Nxa4 Nxa4 26. bxa4 Bg1 27. h4+ Kg6 28. Ne3 Bxe3 29. Kxe3 Kf7 30. Kd3 Ke7 31. Kc4 Kd6 32. h5 h6 33. c3 Kd7 34. Kc5 Kc7 35. c4 Kd7 36. Kb6 Kd6 37. c5+ 1-0

[Event "IBCA EU-ch blind 06th"]
[Site "Lyon"]
[Date "2015.07.26"]
[Round "2"]
[White "Platon, Constantin"]
[Black "Tonteri, Ari"]
[Result "0-1"]
[WhiteElo "1701"]
[BlackElo "1938"]
[PlyCount "64"]
[EventDate "2015.07.25"]
[EventType "swiss"]
[EventRounds "9"]
[EventCountry "FRA"]
[SourceTitle "CBM 167 Extra"]
[Source "ChessBase"]
[SourceDate "2015.09.14"]
[SourceVersion "1"]
[SourceVersionDate "2015.09.14"]
[SourceQuality "1"]

1. e4 c5 2. Nf3 d6 3. c3 Nf6 4. d3 g6 5. Be2 Bg7 6. 0-0 0-0 7. Be3 Nc6 8. Nbd2 b6 9. Re1 Bb7 10. Nf1 d5 11. exd5 Nxd5 12. Bg5 h6 13. Bd2 e5 14. Ne3 Re8 15. Qc1 Nf4 16. Qc2 Qd7 17. Nc4 Rad8 18. Bxf4 exf4 19. Rad1 Qc7 20. Ncd2 Ne5 21. Nxe5 Rxe5 22. Nf3 Re7 23. Rd2 Bxf3 24. gxf3 Qe5 25. Qd1 Rde8 26. Kh1 Qf6 27. Kg2 Qg5+ 28. Kh1 Qh4 29. Kg2 Re5 30. Rh1 Rg5+ 31. Kf1 Qh3+ 32. Ke1 Qxf3 0-1

[Event "FIN-chT1A 1112"]
[Site "Finland"]
[Date "2012.03.10"]
[Round "7.4"]
[White "Tonteri, Ari"]
[Black "Tolonen, Mikko"]
[Result "0-1"]
[WhiteElo "1990"]
[BlackElo "2232"]
[PlyCount "94"]
[EventDate "2011.09.17"]
[EventType "team-tourn"]
[EventRounds "7"]
[EventCountry "FIN"]
[SourceTitle "EXT 2019"]
[Source "ChessBase"]
[SourceDate "2018.10.10"]
[SourceVersion "1"]
[SourceVersionDate "2018.10.10"]
[SourceQuality "1"]
[WhiteTeam "Hyvinkaa SK"]
[BlackTeam "Espoo MatSK II"]
[WhiteTeamCountry "FIN"]
[BlackTeamCountry "FIN"]

1. e4 e6 2. d4 d5 3. Nc3 Nc6 4. Nf3 Nf6 5. Bg5 Be7 6. e5 Ne4 7. Bxe7 Qxe7 8. Bd3 Qb4 9. Bxe4 dxe4 10. a3 Qxb2 11. Nxe4 Qb5 12. Qe2 Qxe2+ 13. Kxe2 b6 14. Rhd1 Ba6+ 15. Ke1 Rd8 16. Rab1 0-0 17. Nc3 Bc4 18. a4 Rd7 19. Rd2 Rfd8 20. Rbd1 f6 21. h4 Kf7 22. h5 h6 23. Ne2 Bd5 24. exf6 Bxf3 25. gxf3 gxf6 26. c4 Na5 27. Rc2 c5 28. f4 cxd4 29. Rcd2 e5 30. fxe5 fxe5 31. Nc1 Nxc4 32. Rc2 Na5 33. Nd3 Ke6 34. f4 e4 35. Ne5 Rd5 36. Rc7 a6 37. Rh7 Kf5 38. Rxh6 Kxf4 39. Nc6 Nxc6 40. Rxc6 Rxh5 41. Rxb6 Ke3 42. Rf6 Rh1+ 43. Rf1 Rxf1+ 44. Kxf1 Rf8+ 45. Kg1 d3 46. Re1+ Kd4 47. Rb1 e3 0-1

[Event "IBCA EU-ch blind 05th"]
[Site "Rhodes"]
[Date "2011.09.07"]
[Round "2"]
[White "Zoltek, Tadeusz"]
[Black "Tonteri, Ari"]
[Result "1-0"]
[WhiteElo "2169"]
[BlackElo "1990"]
[PlyCount "81"]
[EventDate "2011.09.06"]
[EventType "swiss"]
[EventRounds "9"]
[EventCountry "GRE"]
[SourceTitle "CBM 144 Extra"]
[Source "ChessBase"]
[SourceDate "2011.10.28"]
[SourceVersion "1"]
[SourceVersionDate "2011.10.28"]
[SourceQuality "1"]

1. Nf3 Nf6 2. c4 e6 3. g3 b6 4. Bg2 Bb7 5. 0-0 Be7 6. Nc3 0-0 7. d4 Ne4 8. Qc2 Nxc3 9. Qxc3 Na6 10. a3 c5 11. Rd1 Bf6 12. Qc2 d5 13. cxd5 exd5 14. Be3 Rc8 15. Qd2 Re8 16. Rac1 Qe7 17. Bf1 h6 18. Bf4 c4 19. Be5 Nc7 20. h4 Ne6 21. Bxf6 Qxf6 22. Bg2 Qe7 23. e3 Nf8 24. Ne5 Nd7 25. Nxc4 Ba6 26. Ne5 Nxe5 27. Rxc8 Rxc8 28. dxe5 Qxe5 29. Bxd5 Rc5 30. Bg2 Qc7 31. Qd8+ Kh7 32. Be4+ g6 33. Qxc7 Rxc7 34. h5 Kg7 35. hxg6 fxg6 36. Rd6 Re7 37. Bxg6 Be2 38. Kg2 Rc7 39. Bd3 Bxd3 40. Rxd3 Rc2 41. b4 1-0

[Event "IBCA Wch blind 12th"]
[Site "Belgrade"]
[Date "2010.09.02"]
[Round "7.18"]
[White "Tonteri, Ari"]
[Black "Chojnowski, Marcin"]
[Result "0-1"]
[WhiteElo "1990"]
[BlackElo "2162"]
[PlyCount "54"]
[EventDate "2010.08.26"]
[EventType "swiss"]
[EventRounds "9"]
[EventCountry "SRB"]
[SourceTitle "EXT 2011"]
[Source "ChessBase"]
[SourceDate "2010.11.26"]
[SourceVersion "1"]
[SourceVersionDate "2010.11.26"]
[SourceQuality "1"]

1. e4 c5 2. Nf3 Nc6 3. Nc3 Nf6 4. d4 cxd4 5. Nxd4 e5 6. Ndb5 d6 7. Bg5 a6 8. Na3 b5 9. Nd5 Be7 10. Bxf6 Bxf6 11. c3 Ne7 12. Nc2 Bb7 13. Nxe7 Bxe7 14. Bd3 d5 15. exd5 Qxd5 16. Ne3 Qc6 17. Qh5 e4 18. Bc2 0-0 19. Bb3 Rad8 20. h4 Bc5 21. Rh3 b4 22. Rg3 Bxe3 23. Rxe3 Rd3 24. cxb4 Qf6 25. Re2 Qd6 26. Qc5 Qh2 27. Bxf7+ Rxf7 0-1

[Event "IBCA Wch blind 12th"]
[Site "Belgrade"]
[Date "2010.09.01"]
[Round "6.17"]
[White "Zoltek, Tadeusz"]
[Black "Tonteri, Ari"]
[Result "1/2-1/2"]
[WhiteElo "2183"]
[BlackElo "1990"]
[PlyCount "89"]
[EventDate "2010.08.26"]
[EventType "swiss"]
[EventRounds "9"]
[EventCountry "SRB"]
[SourceTitle "EXT 2011"]
[Source "ChessBase"]
[SourceDate "2010.11.26"]
[SourceVersion "1"]
[SourceVersionDate "2010.11.26"]
[SourceQuality "1"]

1. Nf3 Nf6 2. c4 e6 3. Nc3 d5 4. d4 Be7 5. Bg5 h6 6. Bh4 0-0 7. e3 b6 8. Rc1 Bb7 9. Bxf6 Bxf6 10. cxd5 exd5 11. Be2 Re8 12. 0-0 c6 13. b4 Qd6 14. Qb3 Nd7 15. Rfd1 a5 16. b5 c5 17. Qb1 Rad8 18. dxc5 Nxc5 19. Nd4 Bxd4 20. exd4 Ne4 21. Bf3 Ng5 22. Bg4 Qf4 23. Qf5 Qd6 24. Qd3 Qf4 25. Qg3 Qxg3 26. hxg3 Rd6 27. Na4 Re7 28. Rc2 g6 29. Bf3 h5 30. Be2 Ne4 31. g4 h4 32. Bd3 Ng5 33. Bf1 Kf8 34. Rdc1 Ne6 35. Rd2 Ke8 36. f3 Kd8 37. Kf2 Rc7 38. Rxc7 Kxc7 39. Ke3 Ng5 40. Kf4 Ne6+ 41. Ke3 g5 42. Bd3 Kd8 43. Rc2 Nf4 44. Bf5 Rh6 45. Nb2 1/2-1/2

[Event "IBCA Wch blind 11th"]
[Site "Goa"]
[Date "2006.10.18"]
[Round "9"]
[White "Tonteri, Ari"]
[Black "Mikhalev, Alexey"]
[Result "0-1"]
[WhiteElo "1975"]
[BlackElo "2242"]
[PlyCount "76"]
[EventDate "2006.10.09"]
[EventType "swiss"]
[EventRounds "9"]
[EventCountry "IND"]
[SourceTitle "CBM 114 Extra"]
[Source "ChessBase"]
[SourceDate "2006.11.03"]
[SourceVersion "1"]
[SourceVersionDate "2006.11.03"]
[SourceQuality "1"]

1. e4 d5 2. exd5 Qxd5 3. Nc3 Qa5 4. d4 Nf6 5. Nf3 c6 6. Bc4 Bf5 7. Bd2 e6 8. 0-0 Nbd7 9. Re1 Qc7 10. Bg5 Bb4 11. Bd3 Bg4 12. h3 Bh5 13. Bd2 Bd6 14. Ne4 Nxe4 15. Bxe4 Nf6 16. Bd3 0-0 17. c4 Rad8 18. Bc3 Be7 19. Qe2 Rfe8 20. Rad1 b6 21. b3 a5 22. a4 Bb4 23. Bxb4 axb4 24. Bc2 Qf4 25. Qe3 Qxe3 26. Rxe3 Bxf3 27. gxf3 Re7 28. Be4 Rc7 29. Red3 g6 30. Kf1 Nh5 31. R3d2 Nf4 32. h4 f5 33. Bc2 Rcd7 34. Bb1 c5 35. d5 exd5 36. cxd5 Rxd5 37. Rxd5 Rxd5 38. Rxd5 Nxd5 0-1

[Event "Heart of Finland op 16th"]
[Site "Jyvaskyla"]
[Date "2006.07.14"]
[Round "6"]
[White "Tonteri, Ari"]
[Black "Alho, Sauli"]
[Result "0-1"]
[WhiteElo "1993"]
[BlackElo "2129"]
[PlyCount "78"]
[EventDate "2006.07.07"]
[EventType "swiss"]
[EventRounds "9"]
[EventCountry "FIN"]
[SourceTitle "EXT 2022"]
[Source "ChessBase"]
[SourceDate "2021.10.06"]
[SourceVersion "1"]
[SourceVersionDate "2021.10.06"]
[SourceQuality "1"]

1. e4 c5 2. Nf3 d6 3. d4 cxd4 4. Nxd4 Nf6 5. Nc3 a6 6. Bg5 e6 7. f4 Nbd7 8. Qf3 Qc7 9. 0-0-0 b5 10. Bd3 b4 11. Nd5 exd5 12. exd5 Bb7 13. Rhe1+ Kd8 14. Nc6+ Bxc6 15. dxc6 Nc5 16. Bf5 Be7 17. Re2 Re8 18. Rde1 Ng8 19. Bd7 Nxd7 20. cxd7 Kxd7 21. Bxe7 Rac8 22. Qg4+ Kc6 23. Bh4 Rxe2 24. Rxe2 f6 25. Qf3+ Kd7 26. Qg4+ Kc6 27. Bf2 Kb7 28. Qf3+ Qc6 29. Qe3 Rc7 30. Qd4 Kc8 31. Qxb4 Ne7 32. Qb6 Qc4 33. Qe3 Nd5 34. Qe6+ Kb8 35. b3 Qxf4+ 36. Kb2 Nb4 37. Qe8+ Kb7 38. Bg3 Nd3+ 39. cxd3 Qc1# 0-1